• 首页
  • 本馆介绍
  • 公告通知
  • 最新文献
  • 馆藏检索
  • 电子资源
  • 读者导购
  • 参考咨询
  • 我的图书馆
  • 登录
  • 详细信息显示
  • 放入我的书架
  • 预约/预借图书
  • 作者相关作品
  • 分类相关作品
  • 丛书相关作品
  • 出版社相关作品

书目信息

  • 表格格式
  • 工作单格式
  • 卡片格式
题名:
数学--它的内容,方法和意义(第三卷)
    
 
作者: 亚历山大洛夫 著 ;王元、万哲先 译
分册:  
出版信息: 北京   科学出版社  2001
页数: 336页
开本: 20cm
丛书名: 数学名著译丛
单 册:
中图分类: O1- 0
科图分类:
主题词: 数学
电子资源:
ISBN: 7-03-009598-7
000 00762nam0 2200217 450
001 0753000375
005 20071012144320.37
010    @a7-03-009598-7@d¥28.00
100    @a20071012d km y0chiy0120 ea
101 0  @achi
200 1  @a数学--它的内容,方法和意义(第三卷)@Ashu xue--ta de nei rong,fang fa he yi yi(di san juan)@f亚历山大洛夫等著@Fya li shan da luo fu deng zhu@g王元、万哲先等译@Gwang yuan、wan zhe xian deng yi
210    @a北京@c科学出版社@d2001
215    @a336页@d20cm
225 2  @a数学名著译丛
410  0 @12001 @a数学名著译丛
606 0  @a数学
690    @aO1- 0@v3
701  0 @a亚历山大洛夫@Aya li shan da luo fu@4著
702  0 @a王元、万哲先@Awang yuan、wan zhe xian@4译
801  0 @aCN@bPFT@c20071012
905    @a213230@dO1- 0@eS132:3@f1
    
    数学--它的内容,方法和意义(第三卷)/亚历山大洛夫等著/王元、万哲先等译.-北京:科学出版社,2001
    336页;20cm.-(数学名著译丛)
    
    
    ISBN 7-03-009598-7:¥28.00
    
●
相关链接 在E读中查询图书 在五车中查询图书 在当当中查询图书 在豆瓣中查询图书


正题名:数学--它的内容,方法和意义(第三卷)     索取号:O1- 0/S132:3         预约/预借

序号 登录号 条形码 馆藏地/架位号 状态 备注
1 6700196   267001969   密集书库-数信学院/ [索取号:O1- 0/S132:3] 在馆    
2 6700197   267001978   数信系资料室/ [索取号:O1- 0/S132:3] 在馆    
3 6705356   267053564   密集书库-数信学院/ [索取号:O1- 0/S132:3] 在馆    
唐山师范学院图书馆 欢迎您!
大连网信软件有限公司© 版权所有